Countries that end in "AN" - Statistics

General Stats
  • This quiz has been taken 120 times
  • The average score is 11 of 16
Answer Stats
Country % Correct
Tajikistan
86%
Turkmenistan
86%
Kazakhstan
85%
Pakistan
85%
Afghanistan
84%
Uzbekistan
84%
Kyrgyzstan
81%
Japan
70%
Iran
69%
Azerbaijan
59%
Oman
58%
Bhutan
53%
Sudan
52%
South Sudan
48%
Jordan
44%
Taiwan
41%
No matching quizzes found
Score Distribution
Percent of People with Each Score
Percentile by Number Answered
Your Score History
You have not taken this quiz